Vertical coordination in terminal markets for high- value black pepper products from Kerala :an empirical analysis (Record no. 374562)

MARC details
000 -LEADER
fixed length control field 00626nam a22001937a 4500
082 ## - DEWEY DECIMAL CLASSIFICATION NUMBER
Classification number 630.71
Item number FAS/VE PG
100 ## - MAIN ENTRY--PERSONAL NAME
Personal name Fasiya, H S
245 ## - TITLE STATEMENT
Title Vertical coordination in terminal markets for high- value black pepper products from Kerala :an empirical analysis
260 ## - PUBLICATION, DISTRIBUTION, ETC. (IMPRINT)
Place of publication, distribution, etc Vellayani
Name of publisher, distributor, etc Department of Agricultural Extension Education, College of Agriculture
Date of publication, distribution, etc 2026
300 ## - PHYSICAL DESCRIPTION
Extent iv,180p.
502 ## - DISSERTATION NOTE
Dissertation note MSc
650 ## - SUBJECT ADDED ENTRY--TOPICAL TERM
Topical term or geographic name as entry element Agricultural Extension Education
650 ## - SUBJECT ADDED ENTRY--TOPICAL TERM
Topical term or geographic name as entry element Black pepper
650 ## - SUBJECT ADDED ENTRY--TOPICAL TERM
Topical term or geographic name as entry element Kerala
650 ## - SUBJECT ADDED ENTRY--TOPICAL TERM
Topical term or geographic name as entry element Terminal markets
700 ## - ADDED ENTRY--PERSONAL NAME
Personal name Smija, P K (Guide)
942 ## - ADDED ENTRY ELEMENTS (KOHA)
Source of classification or shelving scheme Dewey Decimal Classification
Item type Theses
Holdings
Not for loan Collection code Home library Current library Shelving location Date acquired Full call number Barcode Date last seen Koha item type
Not For Loan Thesis KAU Central Library, Thrissur KAU Central Library, Thrissur Technical Processing Division 16/04/2026 630.71 FAS/VE PG 176849 17/04/2026 Theses
Kerala Agricultural University Central Library
Thrissur-(Dt.), Kerala Pin:- 680656, India
Ph : (+91)(487) 2372219
E-mail: librarian@kau.in
Website: http://library.kau.in/